000 00490nam a22001577a 4500
005 20150915154643.0
008 150915b xxu||||| |||| 00| 0 eng d
040 _cPK-LaUMT
082 _aKHC R 491.4203
_bIRS-U
100 _aارشاد احمد
245 _aاردو پنجابی لغت
_cارشاد احمد
260 _aلاہور
_bمرکزی اردو بورڈ
_c1974
300 _a1094 ص
700 _aممتاز مفتی، عبدالمجید بھٹھ(نظر ثانی
942 _cBK
999 _c75835
_d75835